Paroles - "Être une femme" - Sardou - Mort subite - Statistiques

Statistiques générales
  • Ce quiz a été pris 221 fois
  • Le résultat moyen est 7 sur 19
Answers on the Grid
Answers color-coded by a green-red scale on the quiz's grid according to % correct below.
PDG
Général
Flic
Pompier
Cinéaste
Ecrivain
Poète
Mannequin
Banquier
Chirurgien esthétique
Contermaître
Gardien de la paix
Chauffeur de car
Agent secret
Pilote
Gardien de prison
Chanteur d'orchestre
Strip-teaser
Vendeur aux puces
Ouvrier
Professeur
Boulanger
Peintre
Premier ministre
Croque-mort
Serveur
Tireur d'élite
Baby-sitter
Businessman
Architecte
Joueur de jazz
Lanceur de poids
Trafiquant d'armes
Agriculteur
Ebéniste
Charpentier
 
Statistiques - réponses
Réponse % Correct
PDG
54%
Agent secret
53%
Gardien de la paix
47%
Mannequin
47%
Chirurgien esthétique
46%
Chauffeur de car
44%
Pilote
44%
Banquier
42%
Gardien de prison
40%
Général
40%
Cinéaste
37%
Ecrivain
37%
Flic
36%
Strip-teaser
36%
Poète
35%
Contermaître
33%
Pompier
33%
Vendeur aux puces
29%
Chanteur d'orchestre
16%
Aucun quiz correspondant
Distribution des résultats
% des personnes avec chaque résultat
Percentile par nombre de réponses
Votre historique - résultats
Vous n’avez pas pris ce quiz